000 00713nam a2200241Ia 4500
003 OSt
005 20220918212252.0
006 a|||||r|||| 00| 0
007 ta
008 220917b |||||||| |||| 00| 0 eng d
024 _a128,118
037 _cTextual
040 _aARTS
_cARTS
_beng
041 _2eng
_aeng
082 _aX.1(Y:4).N7, L7
100 _aTodaro Michael P
_938838
245 0 _aEconomics for a developing World
_b an introduction to principles, problems and policies for development
260 _aLondon
_bLongman
_c1977
300 _axxii,444p. illus
_ccm.
650 _aECONOMICS
942 _hX.1(Y:4).N7, L7
_cTEXL
_2CC
999 _c251256
_d251256